01839nam a22001577a 4500008004100000020001800041050001300059245008600072250001200158260004500170300003300215500001900248505137700267700001701644700002001661151029b xxu||||| |||| 00| 0 eng d a9780702042935 aRM262.C5 aClinical Pharmacy and therapeutics. /cedited by Roger Walker and Cate Whittlesea a5th ed. aNew York:bChurchill Livingstone,c2012. axiii, 983p.:bills.;c28 cm. aIncludes index aContents: General: Clinical pharmacy process -- Prescribing -- Practical pharmacokinetics -- Drug interactions -- Adverse drug reactions -- Laboratory data -- Parenteral nutrition -- Pharmacoeconomics -- Life stages: Neonates -- Paediatrics -- Geriatrics -- Therapeutics: Peptic ulcer disease -- Inflammatory bowel disease -- Constipation and diarrhoea -- Adverse effects of drugs on the liver -- Liver disease -- Acute kidney injury -- Chronic kidney disease and end-stage renal disease -- Hypertension -- Coronary heart disease -- Chronic heart failure -- Arrhythmias -- Thrombosis -- Dyslipidaemia -- Asthma -- Chronic obstructive pulmonary disease -- Insomnia -- Anxiety disorders -- Affective disorders -- Schizophrenia -- Epilepsy -- Parkinson's disease -- Pain -- Nausea and vomiting -- Respiratory infections -- Urinary tract infections -- Gastro-intestinal infections -- Infective meningitis -- Surgical site infection and antimicrobial prophylaxis -- Tuberculosis -- HIV infection -- Fungal infections -- Thyroid and parathyroid disorders -- Diabetes mellitus -- Menstrual cycle disorders -- Menopause -- Drugs in pregnancy and lactation -- Prostate disease -- Anaemia -- Leukaemia -- Lymphomas -- Solid tumours -- Rheumatoid arthritis and osteoarthritis -- Gout and hyperuricaemia -- Glaucoma -- Drug-induced skin disorders -- Eczema and psoriasis -- Wounds.  aRoger Walker aCate Whittlesea